[Event "40. Bosna Open 2010"]
[Site "Sarajevo BIH"]
[Date "2010.05.14"]
[Round "10.23"]
[White "Nikcevic, Nebojsa"]
[Black "Damljanovic, Branko"]
[Result "1/2-1/2"]
[WhiteElo "2387"]
[BlackElo "2539"]
[PlyCount "115"]
[EventDate "2010.05.05"]
[EventType "swiss"]
[EventRounds "10"]
[EventCountry "BIH"]
[Source "lmi"]
[SourceDate "2010.05.05"]

1. d4 Nf6 2. c4 g6 3. Nc3 Bg7 4. e4 d6 5. Nf3 O-O 6. Be2 c5 7. O-O Nc6 8. d5
Na5 9. Bg5 h6 10. Bd2 e5 11. a3 b6 12. b4 Nb7 13. Ne1 Qe7 14. Qc1 Kh7 15. Bd1
Bd7 16. Qb1 Rfc8 17. b5 Na5 18. Be2 Rf8 19. Nd1 Ng8 20. Ra2 h5 21. Bxa5 bxa5
22. Nc3 Bh6 23. Rb2 Rfb8 24. Qc2 Nf6 25. Nf3 Be8 26. Na4 Rb7 27. Bd3 Qd8 28.
Rfb1 Nd7 29. Qc3 Nb6 30. Qxa5 Nxa4 31. Qxa4 a6 32. Qb3 axb5 33. cxb5 Qa5 34.
Ra2 Qa4 35. Qxa4 Rxa4 36. Bc2 Ra5 37. a4 Bxb5 38. Rab2 Bxa4 39. Rxb7 Bxc2 40.
Re1 Kg7 41. Rd7 c4 42. h4 c3 43. Ng5 Bxg5 44. hxg5 Bxe4 45. Rxe4 Ra1+ 46. Kh2
c2 47. Rc4 c1=Q 48. Rxc1 Rxc1 49. Rxd6 Kf8 50. Ra6 Ke7 51. Ra7+ Kd6 52. Rxf7
Kxd5 53. Rf6 Rc6 54. Rf8 Rc4 55. f3 e4 56. fxe4+ Rxe4 57. Rg8 Re6 58. g4
1/2-1/2

[Event "40. Bosna Open 2010"]
[Site "Sarajevo BIH"]
[Date "2010.05.14"]
[Round "10.24"]
[White "Plenca, Julijan"]
[Black "Brandenburg, Daan"]
[Result "0-1"]
[WhiteElo "2286"]
[BlackElo "2503"]
[PlyCount "112"]
[EventDate "2010.05.05"]
[EventType "swiss"]
[EventRounds "10"]
[EventCountry "BIH"]
[Source "lmi"]
[SourceDate "2010.05.05"]

1. e4 c5 2. c3 g6 3. d4 cxd4 4. cxd4 d5 5. e5 Bg7 6. Bd3 Nc6 7. Ne2 Nh6 8. Bxh6
Bxh6 9. Nbc3 O-O 10. h4 Be6 11. h5 Kg7 12. hxg6 hxg6 13. Rxh6 Kxh6 14. Qd2+ Kg7
15. Qg5 Rh8 16. O-O-O Qd7 17. Nf4 Rag8 18. Be2 Nd8 19. Rd3 Bf5 20. Rg3 Kf8 21.
Bb5 Ne6 22. Bxd7 Nxg5 23. Rxg5 Bxd7 24. Ncxd5 Rh4 25. Kd2 Bc6 26. Ke3 Bxd5 27.
Nxd5 e6 28. Nf6 Rgh8 29. Rg3 Ke7 30. Rf3 Rh1 31. Ne4 Rb1 32. Nd6 Rh7 33. b3 Rb2
34. Nxb7 Rxa2 35. Nd6 Rb2 36. Kf4 a6 37. Ne4 Rh8 38. Kg5 Rh2 39. g3 Re2 40. Rf4
Rh5+ 41. Kg4 Rf5 42. Kf3 Rb2 43. Nc5 Rxf4+ 44. gxf4 Ra2 45. Ke3 Kd8 46. Ne4 Ra3
47. Nd2 Kc7 48. Kd3 Kc6 49. Kc3 Ra1 50. Ne4 Rh1 51. Nc5 a5 52. Kc4 Rh3 53. f5
gxf5 54. f4 Rg3 55. Nd3 Rf3 56. b4 a4 0-1

[Event "40. Bosna Open 2010"]
[Site "Sarajevo BIH"]
[Date "2010.05.14"]
[Round "10.25"]
[White "Dizdarevic, Emir"]
[Black "Rukavina, Josip"]
[Result "0-1"]
[WhiteElo "2498"]
[BlackElo "2397"]
[PlyCount "40"]
[EventDate "2010.05.05"]
[EventType "swiss"]
[EventRounds "10"]
[EventCountry "BIH"]
[Source "lmi"]
[SourceDate "2010.05.05"]

1. Nf3 g6 2. d4 Bg7 3. c4 d6 4. Nc3 e5 5. g3 Nd7 6. Bg2 Ngf6 7. O-O O-O 8. e4
c6 9. h3 exd4 10. Nxd4 Nc5 11. Re1 Re8 12. Nb3 Be6 13. Be3 Bxc4 14. Nxc5 dxc5
15. Bxc5 Nd7 16. Be3 Ne5 17. Bf1 Qa5 18. Bxc4 Nxc4 19. Qb3 Nxb2 20. Bd2 Nd3 0-1

[Event "40. Bosna Open 2010"]
[Site "Sarajevo BIH"]
[Date "2010.05.14"]
[Round "10.26"]
[White "Arapovic, Vitomir"]
[Black "Djukic, Nikola"]
[Result "1-0"]
[WhiteElo "2366"]
[BlackElo "2495"]
[PlyCount "151"]
[EventDate "2010.05.05"]
[EventType "swiss"]
[EventRounds "10"]
[EventCountry "BIH"]
[Source "lmi"]
[SourceDate "2010.05.05"]

1. e4 c5 2. Nf3 Nc6 3. Bb5 g6 4. O-O Bg7 5. Nc3 e5 6. Bxc6 dxc6 7. d3 Qe7 8. a3
Nf6 9. Rb1 Nd7 10. b4 Nf8 11. b5 Ne6 12. bxc6 bxc6 13. Ne2 O-O 14. Bb2 Qc7 15.
Nd2 Rd8 16. Bc3 Ba6 17. Qe1 Nd4 18. Bxd4 cxd4 19. f4 exf4 20. Nxf4 Bb5 21. g3
Qe7 22. Qc1 Rab8 23. Rb3 a5 24. Qa1 a4 25. Rb2 Bf8 26. Ra2 Qc5 27. Qe1 Rb7 28.
Qf2 Re7 29. c4 Ba6 30. Rb1 Rb7 31. Rxb7 Bxb7 32. Nf3 Bg7 33. Qb2 Qa7 34. Ra1
Bc8 35. Kg2 Bg4 36. Rb1 Bxf3+ 37. Kxf3 Bf8 38. Ne2 Qa5 39. Kg2 Qg5 40. Rf1 Qe7
41. Nf4 Qc7 42. Rb1 Bc5 43. Re1 Rb8 44. Qc2 Rb3 45. e5 Bxa3 46. e6 fxe6 47.
Nxe6 Qf7 48. Ng5 Rb2 49. Qxb2 Bxb2 50. Nxf7 Kxf7 51. Rf1+ Ke6 52. Re1+ Kd6 53.
Re8 a3 54. Ra8 Kc5 55. Ra4 Kd6 56. Ra5 Kc7 57. Kf3 Kd6 58. Ke4 Ke6 59. c5 Kf6
60. h4 g5 61. Ra6 gxh4 62. gxh4 Ke7 63. Ke5 Kd7 64. Ra7+ Kc8 65. Kd6 Kb8 66.
Ra4 Kb7 67. Kd7 h6 68. h5 Bc1 69. Rxd4 Ka6 70. Kxc6 Ka5 71. Rd8 Kb4 72. Ra8 Be3
73. Kd5 Kb3 74. c6 Bf4 75. Ke6 a2 76. d4 1-0

[Event "40. Bosna Open 2010"]
[Site "Sarajevo BIH"]
[Date "2010.05.14"]
[Round "10.27"]
[White "Nikolic, Predrag"]
[Black "Van Eijk, Sander"]
[Result "1-0"]
[WhiteElo "2606"]
[BlackElo "2353"]
[PlyCount "61"]
[EventDate "2010.05.05"]
[EventType "swiss"]
[EventRounds "10"]
[EventCountry "BIH"]
[Source "lmi"]
[SourceDate "2010.05.05"]

1. d4 Nf6 2. c4 e6 3. Nf3 c5 4. d5 b5 5. dxe6 fxe6 6. cxb5 a6 7. bxa6 d5 8. g3
Be7 9. Bg2 O-O 10. O-O Nc6 11. Nc3 Rxa6 12. Bg5 h6 13. Bd2 e5 14. Nh4 e4 15.
Ng6 Re8 16. Rc1 Bd6 17. Na4 Bf5 18. Nh4 Bh7 19. Bh3 Ne7 20. Ng2 g5 21. Ne3 Rc6
22. b4 d4 23. b5 dxe3 24. Bc3 exf2+ 25. Rxf2 Bxg3 26. hxg3 Rd6 27. Qb3+ Nfd5
28. Nxc5 Bg6 29. Be5 Rb6 30. Nd7 Kh7 31. Rcf1 1-0

[Event "40. Bosna Open 2010"]
[Site "Sarajevo BIH"]
[Date "2010.05.14"]
[Round "10.28"]
[White "Martinovic, Sasa"]
[Black "Pavlovic, Milos M"]
[Result "0-1"]
[WhiteElo "2515"]
[BlackElo "2478"]
[PlyCount "58"]
[EventDate "2010.05.05"]
[EventType "swiss"]
[EventRounds "10"]
[EventCountry "BIH"]
[Source "lmi"]
[SourceDate "2010.05.05"]

1. d4 Nf6 2. Bg5 e6 3. e4 h6 4. Bxf6 Qxf6 5. c3 d5 6. Nd2 c5 7. Ngf3 cxd4 8.
cxd4 dxe4 9. Ne5 Qd8 10. Bb5+ Bd7 11. Bxd7+ Nxd7 12. Qa4 a6 13. Nxe4 b5 14. Qd1
Bb4+ 15. Ke2 Qh4 16. f3 Nxe5 17. dxe5 Rd8 18. Qb3 Be7 19. Rac1 O-O 20. Rc7 Bg5
21. g3 Qh3 22. Kf2 Rd5 23. f4 Rfd8 24. Qc2 Bxf4 25. gxf4 Qh4+ 26. Ke3 Rd3+ 27.
Qxd3 Rxd3+ 28. Kxd3 Qd8+ 29. Nd6 Qxc7 0-1

[Event "40. Bosna Open 2010"]
[Site "Sarajevo BIH"]
[Date "2010.05.14"]
[Round "10.29"]
[White "Sebenik, Matej"]
[Black "De Verdier, Michael"]
[Result "1-0"]
[WhiteElo "2515"]
[BlackElo "2310"]
[PlyCount "53"]
[EventDate "2010.05.05"]
[EventType "swiss"]
[EventRounds "10"]
[EventCountry "BIH"]
[Source "lmi"]
[SourceDate "2010.05.05"]

1. d4 e6 2. c4 Bb4+ 3. Bd2 c5 4. Bxb4 cxb4 5. g3 Nf6 6. Bg2 O-O 7. e4 d6 8. Ne2
e5 9. O-O a5 10. a3 Na6 11. axb4 Nxb4 12. Qd2 Nc6 13. Na3 Re8 14. Rfe1 b6 15.
Nc2 Ba6 16. b3 b5 17. d5 Ne7 18. Rxa5 bxc4 19. b4 Qb6 20. Rea1 Rec8 21. Nc3 h5
22. Qe3 Qxe3 23. Nxe3 Bb7 24. Rxa8 Bxa8 25. Ra7 Kf8 26. Bh3 Ng4 27. f3 1-0

[Event "40. Bosna Open 2010"]
[Site "Sarajevo BIH"]
[Date "2010.05.14"]
[Round "10.30"]
[White "Szabo, Krisztian"]
[Black "Kleijn, Christov"]
[Result "1-0"]
[WhiteElo "2506"]
[BlackElo "2431"]
[PlyCount "59"]
[EventDate "2010.05.05"]
[EventType "swiss"]
[EventRounds "10"]
[EventCountry "BIH"]
[Source "lmi"]
[SourceDate "2010.05.05"]

1. e4 e6 2. d4 d5 3. Nc3 Bb4 4. e5 c5 5. a3 Bxc3+ 6. bxc3 Ne7 7. Qg4 Qc7 8.
Qxg7 Rg8 9. Qxh7 cxd4 10. Ne2 Nbc6 11. f4 dxc3 12. Qd3 Nf5 13. Rb1 Bd7 14. Rg1
O-O-O 15. Qxc3 d4 16. Qd3 f6 17. g4 Nh6 18. exf6 e5 19. g5 Nf7 20. Rg3 Nd6 21.
fxe5 Nxe5 22. Qxd4 Nf5 23. Qxa7 Nxg3 24. hxg3 Bc6 25. Bh3+ Bd7 26. Bxd7+ Rxd7
27. Qa8+ Qb8 28. Qxb8+ Kxb8 29. Bf4 Rxg5 30. Rb5 1-0

[Event "40. Bosna Open 2010"]
[Site "Sarajevo BIH"]
[Date "2010.05.14"]
[Round "10.31"]
[White "D'amore, Carlo"]
[Black "Thorfinnsson, Bragi"]
[Result "1-0"]
[WhiteElo "2484"]
[BlackElo "2422"]
[PlyCount "59"]
[EventDate "2010.05.05"]
[EventType "swiss"]
[EventRounds "10"]
[EventCountry "BIH"]
[Source "lmi"]
[SourceDate "2010.05.05"]

1. e4 c5 2. Nf3 e6 3. d3 Nc6 4. g3 g6 5. Bg5 Qc7 6. Bg2 Bg7 7. c3 Nge7 8. O-O
d5 9. Na3 O-O 10. Qc1 b6 11. Re1 Ba6 12. Bf1 Rfe8 13. e5 d4 14. cxd4 cxd4 15.
Nc4 Bxc4 16. Qxc4 Rec8 17. Rac1 Qd7 18. Qb5 Nd5 19. Qb3 h6 20. Bd2 g5 21. Re4
Nde7 22. h4 Ng6 23. Rce1 gxh4 24. gxh4 Kh7 25. Qd1 Qd5 26. Bg2 Qxa2 27. h5 Nge7
28. Nxd4 Nxd4 29. Rxd4 a5 30. Be3 1-0

[Event "40. Bosna Open 2010"]
[Site "Sarajevo BIH"]
[Date "2010.05.14"]
[Round "10.32"]
[White "Sutkovic, Damir"]
[Black "Stojanovic, Dalibor"]
[Result "1/2-1/2"]
[WhiteElo "2304"]
[BlackElo "2481"]
[PlyCount "74"]
[EventDate "2010.05.05"]
[EventType "swiss"]
[EventRounds "10"]
[EventCountry "BIH"]
[Source "lmi"]
[SourceDate "2010.05.05"]

1. d4 Nf6 2. c4 e6 3. Nc3 Bb4 4. f3 c5 5. d5 Nh5 6. Nh3 Qh4+ 7. Nf2 Qxc4 8. e4
Bxc3+ 9. bxc3 Qxc3+ 10. Bd2 Qf6 11. g4 Nf4 12. g5 Qe5 13. Qc1 Ng6 14. Bc3 Qc7
15. Bxg7 Rg8 16. Bc3 e5 17. Ng4 Kd8 18. f4 d6 19. Nf6 Rh8 20. fxe5 dxe5 21. Qb2
Nd7 22. d6 Qb6 23. Bb5 Nxf6 24. Bxe5 Nxe5 25. Qxe5 Qa5+ 26. Kd1 Bg4+ 27. Kc2
Kc8 28. d7+ Bxd7 29. Bxd7+ Kxd7 30. Rhd1+ Kc8 31. Qf5+ Kb8 32. Qxf6 Qa4+ 33.
Kb2 Qb4+ 34. Kc1 Qc4+ 35. Kb2 Qb5+ 36. Kc1 Qc4+ 37. Kb2 Qb4+ 1/2-1/2

[Event "40. Bosna Open 2010"]
[Site "Sarajevo BIH"]
[Date "2010.05.14"]
[Round "10.33"]
[White "Ivanisevic, Ivan"]
[Black "Jakovljevic, Vlado"]
[Result "1-0"]
[WhiteElo "2630"]
[BlackElo "2395"]
[PlyCount "73"]
[EventDate "2010.05.05"]
[EventType "swiss"]
[EventRounds "10"]
[EventCountry "BIH"]
[Source "lmi"]
[SourceDate "2010.05.05"]

1. d4 d5 2. c4 c6 3. Nc3 Nf6 4. e3 e6 5. Nf3 a6 6. h3 Nbd7 7. Qc2 dxc4 8. a4 c5
9. Bxc4 Qc7 10. Qe2 Bd6 11. O-O O-O 12. b3 Nb6 13. a5 Nxc4 14. bxc4 cxd4 15.
exd4 Bb4 16. Bd2 Bxa5 17. Ne4 Bxd2 18. Nxf6+ gxf6 19. Qxd2 Kh8 20. Ra5 b5 21.
cxb5 Bb7 22. Rc1 Qd8 23. bxa6 Rxa6 24. Rxa6 Bxa6 25. Qf4 Bb7 26. Nh2 Bd5 27.
Ng4 f5 28. Nh6 Qf6 29. Rc3 Qg6 30. Rg3 Qf6 31. Kh2 Ba8 32. f3 Bd5 33. Ng4 Qh4
34. Qd6 Rg8 35. Qe5+ Rg7 36. f4 fxg4 37. Rxg4 1-0

[Event "40. Bosna Open 2010"]
[Site "Sarajevo BIH"]
[Date "2010.05.14"]
[Round "10.34"]
[White "Kantorik, Marian"]
[Black "Kurajica, Bojan"]
[Result "1/2-1/2"]
[WhiteElo "2390"]
[BlackElo "2548"]
[PlyCount "25"]
[EventDate "2010.05.05"]
[EventType "swiss"]
[EventRounds "10"]
[EventCountry "BIH"]
[Source "lmi"]
[SourceDate "2010.05.05"]

1. d4 Nf6 2. c4 e6 3. Nf3 Bb4+ 4. Bd2 a5 5. g3 d5 6. Qc2 b6 7. Bg2 Bb7 8. a3
Be7 9. cxd5 exd5 10. O-O O-O 11. Bf4 c5 12. Nc3 Na6 13. Rfd1 1/2-1/2

[Event "40. Bosna Open 2010"]
[Site "Sarajevo BIH"]
[Date "2010.05.14"]
[Round "10.35"]
[White "Bindrich, Falko"]
[Black "Bejtovic, Jasmin"]
[Result "1/2-1/2"]
[WhiteElo "2539"]
[BlackElo "2379"]
[PlyCount "77"]
[EventDate "2010.05.05"]
[EventType "swiss"]
[EventRounds "10"]
[EventCountry "BIH"]
[Source "lmi"]
[SourceDate "2010.05.05"]

1. d4 Nf6 2. c4 g6 3. Nc3 Bg7 4. Nf3 O-O 5. Bg5 d6 6. e3 c5 7. d5 Nbd7 8. Be2
a6 9. O-O h6 10. Bh4 g5 11. Bg3 Nh5 12. Nd2 Nxg3 13. hxg3 f5 14. Qc2 Nf6 15.
Rae1 Ng4 16. Nf3 e5 17. dxe6 Bxe6 18. Nd2 Qe8 19. Nd5 Qf7 20. b3 b5 21. Rd1
Rae8 22. Nf3 b4 23. Nh2 Ne5 24. Rd2 Nc6 25. Qd1 Rd8 26. Bh5 Qa7 27. Qe2 Ne7 28.
Nxe7+ Qxe7 29. Bf3 Kh8 30. Rfd1 Bc3 31. Rd3 Be5 32. Bd5 Bc8 33. Qh5 Kg7 34. Qe2
g4 35. Nf1 h5 36. f4 Bf6 37. Kf2 Kh8 38. Qd2 Qc7 39. e4 1/2-1/2

[Event "40. Bosna Open 2010"]
[Site "Sarajevo BIH"]
[Date "2010.05.14"]
[Round "10.36"]
[White "Jovanic, Ognjen"]
[Black "Popovic, Zoran"]
[Result "1-0"]
[WhiteElo "2530"]
[BlackElo "2369"]
[PlyCount "71"]
[EventDate "2010.05.05"]
[EventType "swiss"]
[EventRounds "10"]
[EventCountry "BIH"]
[Source "lmi"]
[SourceDate "2010.05.05"]

1. d4 Nf6 2. c4 g6 3. Nc3 Bg7 4. Nf3 d6 5. Bg5 O-O 6. e3 Nbd7 7. Qc2 e5 8. Rd1
h6 9. Bh4 exd4 10. Nxd4 a6 11. Be2 Nc5 12. O-O Qe8 13. Bf3 Bg4 14. Bxg4 Nxg4
15. Nd5 g5 16. Bg3 Qd7 17. Nf5 Rae8 18. h3 Nf6 19. Nxh6+ Kh8 20. Nf5 Nxd5 21.
Rxd5 Ne4 22. Bh2 c6 23. Nxg7 Kxg7 24. Rd4 Qe6 25. f3 Nf6 26. e4 d5 27. Qd2 dxe4
28. Qxg5+ Kh8 29. Qh4+ Nh7 30. Rxe4 Qf5 31. Rfe1 Rd8 32. Be5+ f6 33. Bc3 b5 34.
Re7 Rd7 35. Kh2 c5 36. Qh6 1-0

[Event "40. Bosna Open 2010"]
[Site "Sarajevo BIH"]
[Date "2010.05.14"]
[Round "10.37"]
[White "Mazi, Leon"]
[Black "Das, Arghyadip"]
[Result "0-1"]
[WhiteElo "2383"]
[BlackElo "2481"]
[PlyCount "68"]
[EventDate "2010.05.05"]
[EventType "swiss"]
[EventRounds "10"]
[EventCountry "BIH"]
[Source "lmi"]
[SourceDate "2010.05.05"]

1. e4 e6 2. d4 d5 3. exd5 exd5 4. Bd3 c5 5. dxc5 Bxc5 6. Nf3 Nf6 7. O-O O-O 8.
h3 Qd6 9. Nc3 Be6 10. Bg5 Nbd7 11. Qd2 a6 12. Qf4 h6 13. Qxd6 Bxd6 14. Be3 Nc5
15. Be2 Nfe4 16. Bd4 Rac8 17. Nd1 Nd7 18. Ne3 f5 19. c3 Rfe8 20. Rfd1 f4 21.
Nf1 Bf7 22. Bd3 Ndc5 23. Bc2 b5 24. N1h2 h5 25. Ne1 g5 26. Nd3 Ne6 27. Be5 Bf8
28. a3 Nd6 29. h4 Nc4 30. hxg5 Bg6 31. Rac1 Bxd3 32. Rxd3 Nxe5 33. Rxd5 Nxg5
34. Rcd1 Kg7 0-1

[Event "40. Bosna Open 2010"]
[Site "Sarajevo BIH"]
[Date "2010.05.14"]
[Round "10.38"]
[White "Lejlic, Samir"]
[Black "Gerzhoy, Leonid"]
[Result "0-1"]
[WhiteElo "2362"]
[BlackElo "2469"]
[PlyCount "68"]
[EventDate "2010.05.05"]
[EventType "swiss"]
[EventRounds "10"]
[EventCountry "BIH"]
[Source "lmi"]
[SourceDate "2010.05.05"]

1. e4 c6 2. d4 d5 3. exd5 cxd5 4. Bd3 Nc6 5. c3 Nf6 6. Bf4 Bg4 7. Qb3 Qd7 8.
Nd2 e6 9. h3 Bh5 10. Ngf3 Bxf3 11. Nxf3 Bd6 12. Bxd6 Qxd6 13. O-O O-O 14. Rae1
Rab8 15. Qc2 b5 16. Ne5 b4 17. f4 bxc3 18. bxc3 Rfc8 19. Qf2 Ne7 20. Qf3 g6 21.
f5 exf5 22. g4 Rxc3 23. Qf4 Ne4 24. Bxe4 dxe4 25. Nxg6 Qxd4+ 26. Rf2 hxg6 27.
Qxb8+ Kg7 28. Qf4 Nd5 29. Qd2 Qe5 30. gxf5 e3 31. Rff1 exd2 32. Rxe5 Ne3 33.
Rxe3 Rxe3 34. Kf2 Re5 0-1

[Event "40. Bosna Open 2010"]
[Site "Sarajevo BIH"]
[Date "2010.05.14"]
[Round "10.39"]
[White "Drljevic, Ljilja"]
[Black "Manik, Mikulas"]
[Result "1/2-1/2"]
[WhiteElo "2218"]
[BlackElo "2440"]
[PlyCount "29"]
[EventDate "2010.05.05"]
[EventType "swiss"]
[EventRounds "10"]
[EventCountry "BIH"]
[Source "lmi"]
[SourceDate "2010.05.05"]

1. e4 c5 2. Nf3 d6 3. d3 g6 4. g3 Bg7 5. Bg2 Nc6 6. O-O Nf6 7. Re1 e5 8. Nbd2
O-O 9. c3 Re8 10. a4 h6 11. Nc4 Be6 12. Qe2 Qd7 13. a5 Rad8 14. Qc2 Kh7 15. Qa4
1/2-1/2

[Event "40. Bosna Open 2010"]
[Site "Sarajevo BIH"]
[Date "2010.05.14"]
[Round "10.40"]
[White "Bitalzadeh, Ali"]
[Black "Burovic, Ismet"]
[Result "1-0"]
[WhiteElo "2420"]
[BlackElo "2352"]
[PlyCount "59"]
[EventDate "2010.05.05"]
[EventType "swiss"]
[EventRounds "10"]
[EventCountry "BIH"]
[Source "lmi"]
[SourceDate "2010.05.05"]

1. e4 d6 2. d4 Nf6 3. Nc3 c6 4. f4 Qa5 5. Bd3 e5 6. Nf3 Bg4 7. Be3 Bxf3 8. Qxf3
exd4 9. Bxd4 Qb4 10. Bxf6 gxf6 11. O-O-O Nd7 12. g3 h5 13. a3 Qa5 14. Bc4 b5
15. Bb3 Nc5 16. e5 Nxb3+ 17. cxb3 d5 18. Nxd5 O-O-O 19. Nxf6 Kb7 20. Rxd8 Qxd8
21. Rd1 Qb6 22. Rd7+ Ka6 23. Kb1 h4 24. g4 h3 25. Ka2 Bc5 26. Rxf7 Bxa3 27. Nd7
Qd4 28. Qxc6+ Ka5 29. Qc7+ Ka6 30. Rf6+ 1-0